Logo BPK

Biblioteka

Politechniki Koszalińskiej

Korozja w przemyśle spożywczym i jej zapobieganie / (Rekord nr 16453)

Szczegóły MARC
000 -ETYKIETA REKORDU
podpole kontrolne o stałej długości 00378nam a2200145 i 4500
001 - NUMER KONTROLNY REKORDU
pole kontrolne bg
040 ## - ŹRÓDŁO KATALOGOWANIA
Instytucja, która utworzyła rekord BPK
041 ## - KOD JĘZYKA
Kod języka tekstu pol
080 ## - UNIWERSALNA KLASYFIKACJA DZIESIĘTNA - UKD
UKD 663/664:620.19
008 - POLE O STAŁEJ DŁUGOŚCI - DANE KONTROLNE
podpole kontrolne o stałej długości s pl f |000 0 pol
100 1# - NAZWA OSOBOWA
Nazwa osobowa AVDEEVA, Aleksandra Vasil'evna
245 #0 - TYTUŁ/ODPOWIEDZIALNOŚĆ
Tytuł Korozja w przemyśle spożywczym i jej zapobieganie /
Pozostałe elementy strefy tytułu i oznaczenia odpowiedzialności A.V. Avdeeva.
260 ## - STREFA ADRESU WYDAWNICZEGO
Miejsce wydania Warszawa,
Data publikacji, dystrybucji/powstania dokumentu 1975.
942 ## - DODATKOWE ELEMENTY (KOHA)
Typ dokumentu Książka
Egzemplarze
Wycofany Status egzemplarza Uszkodzony Dostępność Lokalizacja stała Lokalizacja bieżąca Miejsce przechowywania Sygnatura Kod kreskowy Typ dokumentu Ostatnio wypożyczono
      Dostępny Biblioteka Politechniki Koszalińskiej Biblioteka Politechniki Koszalińskiej Wypożyczalnia BG 20199 01690408 Książka  
      Dostępny Biblioteka Politechniki Koszalińskiej Biblioteka Politechniki Koszalińskiej Wypożyczalnia BG 20199/L 02115993 Książka 20.02.2017
© 2023 Biblioteka Politechniki Koszalińskiej :: KOHA